Reciclaje de pavimentos y asfaltos modificados
Enregistré dans:
| Auteur principal: | |
|---|---|
| Autres auteurs: | |
| Format: | Livre |
| Publié: |
San José, C.R.
1997
|
| Sujets: | |
| Tags: |
Ajouter un tag
Pas de tags, Soyez le premier à ajouter un tag!
|
MARC
| LEADER | 00000nam a2200000Ia 4500 | ||
|---|---|---|---|
| 003 | 008089 | ||
| 005 | 20221231144234.0 | ||
| 008 | 140114s1997 cr a m 000 ||s d | ||
| 040 | |c cru CEDI | ||
| 090 | |a TFG 3574 | ||
| 100 | |a Corrales Xatruch, Luis Carlos |9 9656 | ||
| 245 | |a Reciclaje de pavimentos y asfaltos modificados | ||
| 260 | |c 1997 |a San José, C.R. | ||
| 300 | |a x, [121] hojas : ilustraciones | ||
| 500 | |a Proyecto de graduación (licenciatura en ingeniería civil)--Universidad de Costa Rica. Facultad de Ingeniería. Escuela de Ingeniería Civil | ||
| 650 | |x CONVERSION DE RESIDUOS DE PAVIMENTOS DE ASFALTO |9 9658 | ||
| 700 | |9 9657 |a Peñaranda Muñoz, Jorge | ||
| 942 | |c TFG | ||
| 999 | |c 18908 |d 18908 | ||
